[Event "Mittelrhein Regionalliga 18/19"]
[Site "Nordrheinwestfalen"]
[Date "2019.05.05"]
[Round "10.6"]
[White "Reinemer, Frank"]
[Black "Rosskothen, Arnd"]
[Result "1-0"]
[WhiteElo "2086"]
[BlackElo "2100"]
[PlyCount "49"]
[EventDate "2018.10.28"]
[EventType "team-tourn"]
[EventRounds "11"]
[EventCountry "GER"]
[SourceTitle "EXT 2022"]
[Source "ChessBase"]
[SourceDate "2021.10.06"]
[SourceVersion "1"]
[SourceVersionDate "2021.10.06"]
[SourceQuality "1"]
[WhiteTeam "Langenfeld"]
[BlackTeam "Bonn Beuel"]
[WhiteTeamCountry "GER"]
[BlackTeamCountry "GER"]

1. d4 Nf6 2. c4 g6 3. Nc3 d5 4. cxd5 Nxd5 5. e4 Nxc3 6. bxc3 Bg7 7. Bc4 c5 8. Ne2 Nc6 9. Be3 0-0 10. 0-0 Bg4 11. f3 Bd7 12. Rc1 Rc8 13. Qd2 b5 14. Bd3 b4 15. dxc5 bxc3 16. Nxc3 Be6 17. Rfd1 Ne5 18. Ba6 Rb8 19. Nd5 Bxd5 20. exd5 Rb2 21. Rc2 Rxc2 22. Qxc2 Qa5 23. Bb7 Qc7 24. c6 a5 25. Qb3 1-0

[Event "Mittelrhein Regionalliga 1718"]
[Site "Nordrheinwestfalen"]
[Date "2017.12.03"]
[Round "4.4"]
[White "Reinemer, Frank"]
[Black "Maric, Boris"]
[Result "0-1"]
[WhiteElo "2004"]
[BlackElo "2003"]
[PlyCount "116"]
[EventDate "2017.09.10"]
[EventType "team-tourn"]
[EventRounds "9"]
[EventCountry "GER"]
[SourceTitle "EXT 2022"]
[Source "ChessBase"]
[SourceDate "2021.10.06"]
[SourceVersion "1"]
[SourceVersionDate "2021.10.06"]
[SourceQuality "1"]
[WhiteTeam "Langenfeld"]
[BlackTeam "Klub Koelner SF II"]
[WhiteTeamCountry "GER"]
[BlackTeamCountry "GER"]

1. d4 Nf6 2. c4 e6 3. Nc3 Bb4 4. e3 b6 5. Bd3 Bb7 6. f3 c5 7. a3 Bxc3+ 8. bxc3 Nc6 9. Ne2 d6 10. 0-0 Rc8 11. Qe1 Na5 12. Qg3 Nb3 13. Ra2 Nxc1 14. Rxc1 0-0 15. Qh4 h6 16. a4 a5 17. Ng3 d5 18. cxd5 Nxd5 19. Qe4 g6 20. Rd2 Qe7 21. Qe5 cxd4 22. exd4 Nxc3 23. Re1 Rfd8 24. Ne4 Nxe4 25. Bxe4 Qc7 26. Qxc7 Rxc7 27. Bxb7 Rxb7 28. Rb1 Rd5 29. Kf2 b5 30. axb5 Rdxb5 31. Rxb5 Rxb5 32. Ke3 a4 33. Ra2 Ra5 34. Kd3 Kf8 35. Kc4 Ke7 36. Kb4 Rd5 37. Kc4 Rh5 38. h3 Ra5 39. Kb4 Rd5 40. Kc4 Ra5 41. Kb4 Rd5 42. Kc4 Rg5 43. h4 Ra5 44. Kb4 Rh5 45. g3 Rd5 46. Kc4 Rf5 47. f4 Ra5 48. Kb4 Ra8 49. g4 a3 50. Kc5 Kd7 51. d5 Ra5+ 52. Kb4 Rxd5 53. Rxa3 Rd4+ 54. Kc5 Rxf4 55. Ra7+ Ke8 56. Kd6 Kf8 57. h5 g5 58. Ke5 Kg7 0-1

[Event "Mittelrhein Regionalliga 16/17"]
[Site "Nordrheinwestfalen"]
[Date "2017.04.09"]
[Round "10.3"]
[White "Reinemer, Frank"]
[Black "Jablonowski, Christoph"]
[Result "1-0"]
[WhiteElo "2093"]
[BlackElo "1971"]
[PlyCount "85"]
[EventDate "2016.09.11"]
[EventType "team-tourn"]
[EventRounds "11"]
[EventCountry "GER"]
[SourceTitle "EXT 2022"]
[Source "ChessBase"]
[SourceDate "2021.10.06"]
[SourceVersion "1"]
[SourceVersionDate "2021.10.06"]
[SourceQuality "1"]
[WhiteTeam "Langenfeld"]
[BlackTeam "Aachen SV II"]
[WhiteTeamCountry "GER"]
[BlackTeamCountry "GER"]

1. d4 Nf6 2. c4 c5 3. d5 b5 4. cxb5 a6 5. Nc3 axb5 6. e4 b4 7. Nb5 d6 8. Bf4 g5 9. Bxg5 Nxe4 10. Nf3 Bg7 11. Bd3 Nxg5 12. Nxg5 h6 13. Ne4 Kf8 14. Qd2 Bb7 15. Bc4 Nd7 16. Rc1 Ne5 17. b3 Qd7 18. 0-0 Rg8 19. f4 Ng4 20. f5 h5 21. f6 Bh6 22. Qe2 Bxc1 23. Rxc1 Qf5 24. Nexd6 Qe5 25. fxe7+ Kxe7 26. Re1 f6 27. Qd2 Ba6 28. Rxe5+ Nxe5 29. Qh6 Nf3+ 30. Kf2 Ng5 31. h4 Bxb5 32. Nf5+ Kf7 33. Qxh5+ Kf8 34. Qh6+ Kf7 35. hxg5 Rxa2+ 36. Kf3 Rxg5 37. Qh7+ Kf8 38. Qh8+ Kf7 39. Nd6+ Ke7 40. Nc8+ Kf7 41. Qh7+ Rg7 42. Nd6+ Kf8 43. Qh8+ 1-0

[Event "Mittelrhein Regionalliga 16/17"]
[Site "Nordrheinwestfalen"]
[Date "2017.02.19"]
[Round "8.4"]
[White "Moerschbach, Udo"]
[Black "Reinemer, Frank"]
[Result "1-0"]
[WhiteElo "2068"]
[BlackElo "2093"]
[PlyCount "89"]
[EventDate "2016.09.11"]
[EventType "team-tourn"]
[EventRounds "11"]
[EventCountry "GER"]
[SourceTitle "EXT 2022"]
[Source "ChessBase"]
[SourceDate "2021.10.06"]
[SourceVersion "1"]
[SourceVersionDate "2021.10.06"]
[SourceQuality "1"]
[WhiteTeam "Koeln SF II"]
[BlackTeam "Langenfeld"]
[WhiteTeamCountry "GER"]
[BlackTeamCountry "GER"]

1. e4 Nf6 2. e5 Nd5 3. d4 d6 4. Nf3 Nb6 5. Be2 g6 6. b3 Bg7 7. Bb2 Bg4 8. Nbd2 Nc6 9. 0-0 0-0 10. h3 Bxf3 11. Nxf3 dxe5 12. Nxe5 Nxe5 13. dxe5 Qxd1 14. Raxd1 Rad8 15. c4 Rd7 16. Rxd7 Nxd7 17. f4 Rd8 18. Rd1 Kf8 19. Bf3 c6 20. Bd4 Ke8 21. a4 g5 22. e6 Bxd4+ 23. Rxd4 fxe6 24. Bh5+ Kf8 25. fxg5 e5 26. Rd1 e6 27. Rf1+ Kg8 28. Bf7+ Kg7 29. h4 Rf8 30. Bxe6 Rxf1+ 31. Kxf1 Nc5 32. Bc8 a5 33. Ke2 b6 34. Ke3 Nxb3 35. Bd7 c5 36. h5 Kh8 37. Ke4 Nd2+ 38. Kxe5 Nxc4+ 39. Kf6 Ne3 40. g6 hxg6 41. hxg6 Nd5+ 42. Kf7 Ne7 43. g7+ Kh7 44. Bf5+ Kh6 45. g4 1-0

[Event "Dresden ZMD op"]
[Site "Dresden"]
[Date "2016.07.30"]
[Round "1"]
[White "Reinemer, Frank"]
[Black "Stefansson, Hannes"]
[Result "0-1"]
[WhiteElo "2162"]
[BlackElo "2577"]
[PlyCount "66"]
[EventDate "2016.07.30"]
[EventType "swiss"]
[EventRounds "9"]
[EventCountry "GER"]
[SourceTitle "EXT 2017"]
[Source "ChessBase"]
[SourceDate "2016.10.25"]
[SourceVersion "1"]
[SourceVersionDate "2016.10.25"]
[SourceQuality "1"]

1. d4 Nf6 2. c4 e6 3. Nc3 Bb4 4. e3 0-0 5. Bd3 d5 6. Nf3 c5 7. a3 Bxc3+ 8. bxc3 Qc7 9. Qe2 dxc4 10. Bxc4 cxd4 11. cxd4 b5 12. Bd3 Qc3+ 13. Qd2 Qxa1 14. 0-0 Bb7 15. e4 Bxe4 16. Bxe4 Nxe4 17. Qc2 Nf6 18. Qb3 a5 19. Bh6 Qxf1+ 20. Kxf1 gxh6 21. Qxb5 Nbd7 22. Ne5 Rab8 23. Qxa5 Rb1+ 24. Ke2 Rb2+ 25. Kf3 Rfb8 26. g3 Nxe5+ 27. dxe5 R8b3+ 28. Kg2 Ng4 29. Kh3 Nxf2+ 30. Kh4 Kg7 31. Qa4 Re3 32. Qa5 Re4+ 33. Kh5 Nh1 0-1

[Event "Mittelrhein Regionalliga 15/16"]
[Site "Nordrheinwestfalen"]
[Date "2015.11.15"]
[Round "3.3"]
[White "Reinemer, Frank"]
[Black "Mueller, Norbert"]
[Result "1/2-1/2"]
[WhiteElo "2111"]
[BlackElo "2029"]
[PlyCount "22"]
[EventDate "2015.09.27"]
[EventType "team-tourn"]
[EventRounds "9"]
[EventCountry "GER"]
[SourceTitle "EXT 2022"]
[Source "ChessBase"]
[SourceDate "2021.10.06"]
[SourceVersion "1"]
[SourceVersionDate "2021.10.06"]
[SourceQuality "1"]
[WhiteTeam "Langenfeld"]
[BlackTeam "Aachen PTSV"]
[WhiteTeamCountry "GER"]
[BlackTeamCountry "GER"]

1. d4 g6 2. e4 Bg7 3. c4 d6 4. Nc3 Nc6 5. Be3 e5 6. Nge2 f5 7. d5 Nce7 8. f3 Nf6 9. Qd2 0-0 10. h3 a6 11. g4 b5 1/2-1/2

[Event "Dresden ZMD op 23rd"]
[Site "Dresden"]
[Date "2014.08.18"]
[Round "4"]
[White "Urban, Lars"]
[Black "Reinemer, Frank"]
[Result "1-0"]
[WhiteElo "2064"]
[BlackElo "2203"]
[PlyCount "119"]
[EventDate "2014.08.15"]
[EventType "swiss"]
[EventRounds "9"]
[EventCountry "GER"]
[SourceTitle "CBM 161 Extra"]
[Source "ChessBase"]
[SourceDate "2014.08.29"]
[SourceVersion "1"]
[SourceVersionDate "2014.08.29"]
[SourceQuality "1"]

1. d4 f5 2. c4 Nf6 3. Nf3 g6 4. g3 Bg7 5. Bg2 0-0 6. 0-0 d6 7. b3 Qe8 8. Nc3 c6 9. Ba3 h6 10. Qd3 g5 11. e4 fxe4 12. Nxe4 Qg6 13. Nxf6+ Qxf6 14. Rae1 Na6 15. Bb2 Rf7 16. Qd2 Bf5 17. Re3 Raf8 18. Bc3 Qg6 19. Ne1 Nb8 20. d5 Bxc3 21. Qxc3 c5 22. f3 Bc8 23. Nd3 Qg7 24. Qxg7+ Rxg7 25. Rfe1 Rff7 26. Nf2 Bf5 27. Bh3 Bxh3 28. Nxh3 Nd7 29. Nf2 Ne5 30. Kg2 b6 31. Nd3 Nxd3 32. Rxd3 Rg6 33. Rde3 Kf8 34. Re6 Rgf6 35. R1e3 Ke8 36. Rxf6 Rxf6 37. Re4 Kf7 38. h4 gxh4 39. Rxh4 Kg6 40. Re4 Kf7 41. g4 Rg6 42. Kh3 a6 43. Kh4 e5 44. dxe6+ Rxe6 45. Rxe6 Kxe6 46. Kh5 d5 47. cxd5+ Kd6 48. Kxh6 b5 49. Kg5 Kxd5 50. Kf5 c4 51. bxc4+ bxc4 52. g5 c3 53. g6 c2 54. g7 c1Q 55. g8Q+ Kd4 56. Qd8+ Kc3 57. Qc7+ Kb2 58. Qxc1+ Kxc1 59. Ke4 a5 60. a4 1-0

[Event "Dresden ZMD op 23rd"]
[Site "Dresden"]
[Date "2014.08.17"]
[Round "3"]
[White "Ivanov, Alexander"]
[Black "Reinemer, Frank"]
[Result "1/2-1/2"]
[WhiteElo "1951"]
[BlackElo "2203"]
[PlyCount "43"]
[EventDate "2014.08.15"]
[EventType "swiss"]
[EventRounds "9"]
[EventCountry "GER"]
[SourceTitle "CBM 161 Extra"]
[Source "ChessBase"]
[SourceDate "2014.08.29"]
[SourceVersion "1"]
[SourceVersionDate "2014.08.29"]
[SourceQuality "1"]

1. e4 Nf6 2. e5 Nd5 3. c4 Nb6 4. d4 d6 5. exd6 cxd6 6. Nc3 g6 7. Be3 Bg7 8. Rc1 0-0 9. b3 Bf5 10. Bd3 Bxd3 11. Qxd3 Nc6 12. Nf3 e5 13. c5 Nc8 14. 0-0 f6 15. Ne2 h6 16. Qd2 Kh7 17. b4 a6 18. Rb1 N8e7 19. Ng3 Ra7 20. Qd3 Kh8 21. Qd2 Kh7 22. Qd3 1/2-1/2

[Event "Mittelrhein Regionalliga 1314"]
[Site "Mittelrhein"]
[Date "2014.03.09"]
[Round "8.5"]
[White "Reinemer, Frank"]
[Black "Wantiez, Fabrice"]
[Result "1/2-1/2"]
[WhiteElo "2163"]
[BlackElo "2270"]
[PlyCount "95"]
[EventDate "2013.09.15"]
[EventType "team-tourn"]
[EventRounds "11"]
[EventCountry "GER"]
[SourceTitle "EXT 2023"]
[Source "ChessBase"]
[SourceDate "2022.10.05"]
[SourceVersion "1"]
[SourceVersionDate "2022.10.05"]
[SourceQuality "1"]
[WhiteTeam "Langenfeld"]
[BlackTeam "Aachen DJK Aufwaerts II"]
[WhiteTeamCountry "GER"]
[BlackTeamCountry "GER"]

1. d4 Nf6 2. c4 g6 3. Nc3 d5 4. cxd5 Nxd5 5. e4 Nxc3 6. bxc3 Bg7 7. Bc4 c5 8. Ne2 Nc6 9. Be3 0-0 10. 0-0 Bg4 11. f3 Bd7 12. Rc1 Qc7 13. h4 Rfd8 14. h5 b5 15. Bxb5 Nxd4 16. Nxd4 cxd4 17. cxd4 Qb6 18. Bc4 Be8 19. hxg6 hxg6 20. Qb3 Bxd4 21. Qxb6 axb6 22. Bxd4 Rxd4 23. Bd5 Rd8 24. Rfd1 Rxd1+ 25. Rxd1 e6 26. Bb3 Rxd1+ 27. Bxd1 e5 28. Kf2 Kf8 29. Ke2 Ke7 30. Kd3 Bb5+ 31. Kc3 Kd6 32. g3 g5 33. Bb3 f6 34. Bc4 Bd7 35. Kb4 g4 36. fxg4 Bxg4 37. Kb5 Kc7 38. Bd5 Be2+ 39. Bc4 Bf3 40. Bd3 f5 41. exf5 e4 42. Bxe4 Bxe4 43. f6 Bg6 44. a4 Kb7 45. a5 Be8+ 46. Kb4 b5 47. f7 Bxf7 48. Kxb5 1/2-1/2

[Event "NRW Class1 1213"]
[Site "Germany"]
[Date "2012.10.21"]
[Round "2.3"]
[White "Reinemer, Frank"]
[Black "Jesse, Ingemars"]
[Result "0-1"]
[WhiteElo "2177"]
[BlackElo "2289"]
[PlyCount "56"]
[EventDate "2012.09.16"]
[EventType "team-tourn"]
[EventRounds "9"]
[EventCountry "GER"]
[SourceTitle "EXT 2017"]
[Source "ChessBase"]
[SourceDate "2016.10.25"]
[SourceVersion "1"]
[SourceVersionDate "2016.10.25"]
[SourceQuality "1"]
[WhiteTeam "Langenfeld"]
[BlackTeam "Lippstadt Turm"]
[WhiteTeamCountry "GER"]
[BlackTeamCountry "GER"]

1. d4 Nf6 2. c4 g6 3. Nc3 Bg7 4. e4 0-0 5. f4 c6 6. e5 Ne8 7. Nf3 d6 8. Be2 a6 9. 0-0 b5 10. b3 Bg4 11. Be3 Nd7 12. Ng5 Bxe2 13. Qxe2 Nc7 14. Rad1 f6 15. Nf3 Qe8 16. Bf2 fxe5 17. fxe5 dxe5 18. Bg3 Ne6 19. Nxe5 Rxf1+ 20. Kxf1 Nxe5 21. dxe5 Rd8 22. cxb5 axb5 23. Qg4 Rxd1+ 24. Qxd1 Qf7+ 25. Kg1 Qf5 26. Qd7 Bxe5 27. Qc8+ Kf7 28. Qxc6 Bd4+ 0-1

[Event "Dresden ZMD op-A 21st"]
[Site "Dresden"]
[Date "2012.08.25"]
[Round "8"]
[White "Reinemer, Frank"]
[Black "Jaracz, Pawel"]
[Result "0-1"]
[WhiteElo "2177"]
[BlackElo "2530"]
[PlyCount "170"]
[EventDate "2012.08.18"]
[EventType "swiss"]
[EventRounds "9"]
[EventCountry "GER"]
[SourceTitle "CBM 150 Extra"]
[Source "ChessBase"]
[SourceDate "2012.10.19"]
[SourceVersion "1"]
[SourceVersionDate "2012.10.19"]
[SourceQuality "1"]

1. d4 Nf6 2. c4 e6 3. Nc3 Bb4 4. e3 0-0 5. Bd3 c5 6. Nf3 d5 7. 0-0 dxc4 8. Bxc4 Bd7 9. a3 Ba5 10. Bd2 cxd4 11. Nxd4 a6 12. Ba2 Nc6 13. Nb3 Bc7 14. Nc5 Bc8 15. N5e4 Nxe4 16. Nxe4 Bxh2+ 17. Kxh2 Qh4+ 18. Kg1 Qxe4 19. Bc3 Rd8 20. Qh5 Qg6 21. Qh2 e5 22. Bxe5 Be6 23. Bb1 Bf5 24. Bxf5 Qxf5 25. Bc3 Rd7 26. Rad1 Rad8 27. Qg3 f6 28. Rxd7 Rxd7 29. Qh4 Qe6 30. Qa4 Qd6 31. Qc4+ Kh8 32. Rc1 h6 33. Qe4 Qf8 34. Qf5 Qd8 35. Qh5 Kg8 36. Qg4 Rd5 37. Qe6+ Kh7 38. Qg4 Ne7 39. Qe6 Nc6 40. Qg4 Kh8 41. Qf3 Qd7 42. Qe2 Rd6 43. Qf3 Rd3 44. Qh5 Kh7 45. Qf3 Rd5 46. Qe4+ Kg8 47. Qg6 Qe6 48. Qc2 Qd7 49. Qe4 Kf7 50. Qc4 Qe6 51. Qb3 Rd7 52. Qxe6+ Kxe6 53. Kf1 h5 54. Ke2 h4 55. Rh1 g5 56. f4 Kf5 57. fxg5 fxg5 58. g3 hxg3 59. Rg1 Ne7 60. Rxg3 Nd5 61. Bd2 Nf6 62. Rf3+ Kg6 63. Be1 Rf7 64. Rh3 Rc7 65. Kd3 Rd7+ 66. Ke2 Nh5 67. Rf3 Rd8 68. Bb4 g4 69. Rf8 Ng3+ 70. Kf2 Ne4+ 71. Ke2 Rxf8 72. Bxf8 Kf5 73. Bh6 Ke5 74. Kd3 Kd5 75. Bf4 Nc5+ 76. Ke2 Ke4 77. Bd6 Na4 78. b3 Nc3+ 79. Kd2 Nd5 80. Bc5 g3 81. Bd6 Nxe3 82. Kc3 Nf5 83. Bb8 g2 84. Bh2 Nd4 85. Kc4 Nf3 0-1

[Event "Dresden ZMD op-A 21st"]
[Site "Dresden"]
[Date "2012.08.24"]
[Round "7"]
[White "Wichmann, Cliff"]
[Black "Reinemer, Frank"]
[Result "0-1"]
[WhiteElo "2267"]
[BlackElo "2177"]
[PlyCount "90"]
[EventDate "2012.08.18"]
[EventType "swiss"]
[EventRounds "9"]
[EventCountry "GER"]
[SourceTitle "CBM 150 Extra"]
[Source "ChessBase"]
[SourceDate "2012.10.19"]
[SourceVersion "1"]
[SourceVersionDate "2012.10.19"]
[SourceQuality "1"]

1. d4 c5 2. d5 e5 3. g3 d6 4. Bg2 g6 5. e4 Bg7 6. Ne2 Ne7 7. Nd2 0-0 8. 0-0 f5 9. f4 Nd7 10. c3 Rb8 11. a4 Kh8 12. Kh1 b6 13. Nc4 Qc7 14. fxe5 Nxe5 15. Nxe5 Bxe5 16. Bf4 Bxf4 17. Nxf4 fxe4 18. Ne6 Bxe6 19. dxe6 d5 20. c4 d4 21. Bxe4 Qe5 22. Qg4 Nf5 23. Bxf5 gxf5 24. Qf4 Qxf4 25. Rxf4 Rbe8 26. Re1 Rf6 27. e7 Rf7 28. Re5 Rexe7 29. Rfxf5 Rxe5 30. Rxe5 Rf2 31. Kg1 Rxb2 32. Rd5 Rc2 33. Kf1 Rxc4 34. Rd8+ Kg7 35. Rd7+ Kg6 36. Rxa7 Kf5 37. Rxh7 Rxa4 38. Rf7+ Ke4 39. h4 Ra3 40. g4 d3 41. Ke1 Ra1+ 42. Kd2 Ra2+ 43. Ke1 c4 44. h5 c3 45. Re7+ Kf3 0-1

[Event "Dresden ZMD op-A 21st"]
[Site "Dresden"]
[Date "2012.08.23"]
[Round "6"]
[White "Reinemer, Frank"]
[Black "Richter, Maik"]
[Result "1-0"]
[WhiteElo "2177"]
[BlackElo "2190"]
[PlyCount "67"]
[EventDate "2012.08.18"]
[EventType "swiss"]
[EventRounds "9"]
[EventCountry "GER"]
[SourceTitle "CBM 150 Extra"]
[Source "ChessBase"]
[SourceDate "2012.10.19"]
[SourceVersion "1"]
[SourceVersionDate "2012.10.19"]
[SourceQuality "1"]

1. d4 Nf6 2. c4 g6 3. Nc3 Bg7 4. e4 d6 5. f4 0-0 6. Nf3 c5 7. d5 e6 8. Be2 exd5 9. cxd5 Bg4 10. e5 dxe5 11. fxe5 Bxf3 12. Bxf3 Nfd7 13. e6 Ne5 14. exf7+ Rxf7 15. 0-0 Nbd7 16. d6 Nxf3+ 17. Rxf3 Rxf3 18. Qxf3 Qb6 19. Nd5 Qxd6 20. Bf4 Bd4+ 21. Kh1 Ne5 22. Qb3 c4 23. Qxb7 Rd8 24. Ne3 Qc5 25. Bg5 Rf8 26. Bh6 Nf7 27. Bxf8 Qxf8 28. Nxc4 Qc5 29. Qb3 Kg7 30. Rf1 Ng5 31. Qb7+ Kh6 32. b3 Kh5 33. Rf4 Ne6 34. Qxh7+ 1-0

[Event "Dresden ZMD op-A 21st"]
[Site "Dresden"]
[Date "2012.08.20"]
[Round "3"]
[White "Rudolf, Matthias"]
[Black "Reinemer, Frank"]
[Result "1/2-1/2"]
[WhiteElo "2044"]
[BlackElo "2177"]
[PlyCount "31"]
[EventDate "2012.08.18"]
[EventType "swiss"]
[EventRounds "9"]
[EventCountry "GER"]
[SourceTitle "CBM 150 Extra"]
[Source "ChessBase"]
[SourceDate "2012.10.19"]
[SourceVersion "1"]
[SourceVersionDate "2012.10.19"]
[SourceQuality "1"]

1. e4 Nf6 2. e5 Nd5 3. d4 d6 4. Nf3 Bg4 5. Be2 e6 6. 0-0 Be7 7. c4 Nb6 8. b3 0-0 9. Bb2 c5 10. dxc5 dxc5 11. Qc1 Nc6 12. Qf4 Bxf3 13. Bxf3 Qc7 14. Bxc6 Qxc6 15. Nc3 Rfd8 16. Rad1 1/2-1/2

[Event "NRW Class1 1112"]
[Site "Germany"]
[Date "2012.04.29"]
[Round "9.5"]
[White "Van Dijk, Timon"]
[Black "Reinemer, Frank"]
[Result "0-1"]
[WhiteElo "2214"]
[BlackElo "2121"]
[PlyCount "80"]
[EventDate "2011.09.18"]
[EventType "team-tourn"]
[EventRounds "9"]
[EventCountry "GER"]
[SourceTitle "EXT 2015"]
[Source "ChessBase"]
[SourceDate "2014.11.20"]
[SourceVersion "1"]
[SourceVersionDate "2014.11.20"]
[SourceQuality "1"]
[WhiteTeam "Castrop Rauxel"]
[BlackTeam "Langenfeld"]
[WhiteTeamCountry "GER"]
[BlackTeamCountry "GER"]

1. c4 f5 2. g3 Nf6 3. Bg2 g6 4. Nc3 Bg7 5. e3 0-0 6. Nge2 e5 7. 0-0 d6 8. Rb1 a5 9. a3 c6 10. d4 Be6 11. d5 cxd5 12. cxd5 Bd7 13. b4 Na6 14. Qb3 axb4 15. axb4 Nc7 16. Rd1 Nb5 17. Nxb5 Bxb5 18. Nc3 Be8 19. Bb2 Qb6 20. Ra1 Bf7 21. Na4 Qb5 22. Bf1 Qe8 23. Nc3 Qe7 24. Ra4 Rxa4 25. Qxa4 Rc8 26. Qa5 Nd7 27. Na4 Bf8 28. Bb5 Rc2 29. Bc3 e4 30. Qa7 Ne5 31. Bxe5 dxe5 32. d6 Qd8 33. Qxb7 Qc8 34. Nc5 Rxc5 35. Qxc8 Rxc8 36. d7 Rd8 37. Rb1 Be6 38. Bc6 Kf7 39. b5 Bxd7 40. Rd1 Ke8 0-1

[Event "NRW Class1 1112"]
[Site "Germany"]
[Date "2012.01.08"]
[Round "5.7"]
[White "Simon, Hans Christian"]
[Black "Reinemer, Frank"]
[Result "1/2-1/2"]
[WhiteElo "2151"]
[BlackElo "2121"]
[PlyCount "70"]
[EventDate "2011.09.18"]
[EventType "team-tourn"]
[EventRounds "9"]
[EventCountry "GER"]
[SourceTitle "EXT 2015"]
[Source "ChessBase"]
[SourceDate "2014.11.20"]
[SourceVersion "1"]
[SourceVersionDate "2014.11.20"]
[SourceQuality "1"]
[WhiteTeam "Bielefeld"]
[BlackTeam "Langenfeld"]
[WhiteTeamCountry "GER"]
[BlackTeamCountry "GER"]

1. Nf3 f5 2. g3 Nf6 3. Bg2 g6 4. 0-0 Bg7 5. d4 0-0 6. c4 d6 7. Nc3 Qe8 8. Re1 c6 9. e4 fxe4 10. Nxe4 Nxe4 11. Rxe4 Bf5 12. Re1 Bg4 13. Bg5 Qf7 14. Re3 e5 15. dxe5 dxe5 16. h3 Be6 17. Qe1 Nd7 18. Nd2 Bxc4 19. Rf3 Qe6 20. Nxc4 Qxc4 21. Rxf8+ Nxf8 22. b3 Qf7 23. Rd1 Ne6 24. Be3 Kh8 25. Qb4 Nd4 26. Qc5 a6 27. Kh2 Re8 28. Be4 Qe7 29. Qc4 Qe6 30. Qc5 Qe7 31. Qc4 Qe6 32. Qc5 Qf6 33. Kg2 Qe7 34. Qc4 Qe6 35. Qc5 Qe7 1/2-1/2

[Event "Dresden ZMD op 20th"]
[Site "Dresden"]
[Date "2011.08.12"]
[Round "7"]
[White "Bluebaum, Matthias"]
[Black "Reinemer, Frank"]
[Result "1-0"]
[WhiteElo "2329"]
[BlackElo "2206"]
[PlyCount "69"]
[EventDate "2011.08.06"]
[EventType "swiss"]
[EventRounds "9"]
[EventCountry "GER"]
[SourceTitle "CBM 143 Extra"]
[Source "ChessBase"]
[SourceDate "2011.08.29"]
[SourceVersion "1"]
[SourceVersionDate "2011.08.29"]
[SourceQuality "1"]

1. d4 f5 2. g3 Nf6 3. Bg2 g6 4. b3 Bg7 5. Bb2 0-0 6. Nf3 d6 7. 0-0 Qe8 8. c4 h6 9. Nbd2 g5 10. e3 e5 11. dxe5 Ng4 12. Qc2 Nxe5 13. Nd4 f4 14. exf4 gxf4 15. Rae1 Na6 16. a3 Nc5 17. N2f3 Ncd3 18. Nxe5 Nxe5 19. Nf3 Qh5 20. Qe4 fxg3 21. fxg3 Re8 22. Nxe5 Bxe5 23. Bxe5 Rxe5 24. Qf4 Bh3 25. Rxe5 dxe5 26. Bd5+ Kh7 27. Qf7+ Qxf7 28. Rxf7+ Kg6 29. Rxc7 Rf8 30. Be4+ Kh5 31. Bg2 Bxg2 32. Kxg2 e4 33. Rxb7 e3 34. Rg7 Re8 35. Kh3 1-0

[Event "NRW Class2 1011"]
[Site "Germany"]
[Date "2011.01.09"]
[Round "5.7"]
[White "Wicht, Juergen"]
[Black "Reinemer, Frank"]
[Result "0-1"]
[WhiteElo "2149"]
[BlackElo "2214"]
[PlyCount "72"]
[EventDate "2010.09.26"]
[EventType "team-tourn"]
[EventRounds "9"]
[EventCountry "GER"]
[SourceTitle "EXT 2012"]
[Source "ChessBase"]
[SourceDate "2011.11.24"]
[SourceVersion "1"]
[SourceVersionDate "2011.11.24"]
[SourceQuality "1"]
[WhiteTeam "Elberfeld"]
[BlackTeam "Monheim"]
[WhiteTeamCountry "GER"]
[BlackTeamCountry "GER"]

1. d4 f5 2. Nf3 Nf6 3. c4 g6 4. g3 Bg7 5. Bg2 d6 6. 0-0 0-0 7. b3 c6 8. Bb2 h6 9. Qc2 Na6 10. a3 Qe8 11. Nbd2 g5 12. e4 f4 13. e5 Nh7 14. exd6 exd6 15. Rfe1 Qf7 16. d5 Bf5 17. Ne4 cxd5 18. Bxg7 dxe4 19. Bxf8 exf3 20. Qd2 fxg2 21. Bxd6 Rd8 22. Rad1 Bg4 23. Re7 Qxe7 24. Bxe7 Rxd2 25. Rxd2 Kf7 26. Bd6 Nf6 27. gxf4 Ne4 28. Rd4 Bf3 29. Rd3 g4 30. h3 Nac5 31. Bxc5 Nxc5 32. Re3 h5 33. hxg4 hxg4 34. Re5 Ne6 35. Re1 Nxf4 36. Kh2 Nh3 0-1

[Event "NRW Class2 1011"]
[Site "Germany"]
[Date "2010.12.19"]
[Round "4.6"]
[White "Kaehmann, Joerg"]
[Black "Reinemer, Frank"]
[Result "1-0"]
[WhiteElo "2238"]
[BlackElo "2214"]
[PlyCount "61"]
[EventDate "2010.09.26"]
[EventType "team-tourn"]
[EventRounds "9"]
[EventCountry "GER"]
[SourceTitle "EXT 2012"]
[Source "ChessBase"]
[SourceDate "2011.11.24"]
[SourceVersion "1"]
[SourceVersionDate "2011.11.24"]
[SourceQuality "1"]
[WhiteTeam "Herne Sodingen"]
[BlackTeam "Monheim"]
[WhiteTeamCountry "GER"]
[BlackTeamCountry "GER"]

1. e4 Nf6 2. e5 Nd5 3. d4 d6 4. Nf3 g6 5. Bc4 Nb6 6. Bb3 Bg7 7. Ng5 e6 8. Qf3 Qd7 9. Ne4 dxe5 10. Nf6+ Bxf6 11. Qxf6 Rg8 12. dxe5 Qd4 13. 0-0 N8d7 14. Qf3 Nxe5 15. Qg3 f6 16. Nc3 Bd7 17. Re1 Ke7 18. Bf4 g5 19. Bxe5 fxe5 20. Re4 Qd6 21. Rd1 Qc6 22. Rxe5 h6 23. Qe3 Nc4 24. Bxc4 Qxc4 25. Rc5 Qg4 26. f3 Qh5 27. Rxc7 Rad8 28. Qc5+ Ke8 29. Ne4 Qg6 30. Nd6+ Kf8 31. Nf5+ 1-0

[Event "NRW Class2 1011"]
[Site "Germany"]
[Date "2010.09.26"]
[Round "1.6"]
[White "Reinemer, Frank"]
[Black "Sponheim, Marko"]
[Result "1/2-1/2"]
[WhiteElo "2214"]
[BlackElo "2046"]
[PlyCount "134"]
[EventDate "2010.09.26"]
[EventType "team-tourn"]
[EventRounds "9"]
[EventCountry "GER"]
[SourceTitle "EXT 2012"]
[Source "ChessBase"]
[SourceDate "2011.11.24"]
[SourceVersion "1"]
[SourceVersionDate "2011.11.24"]
[SourceQuality "1"]
[WhiteTeam "Monheim"]
[BlackTeam "Mettmann Sport"]
[WhiteTeamCountry "GER"]
[BlackTeamCountry "GER"]

1. d4 Nf6 2. c4 c5 3. d5 b5 4. cxb5 a6 5. Nc3 axb5 6. e4 b4 7. Nb5 d6 8. Bf4 g5 9. Bxg5 Nxe4 10. Nf3 Bg7 11. Qc2 Nf6 12. Bc4 Nbd7 13. 0-0 Nb6 14. Rfe1 Nxc4 15. Qxc4 Ba6 16. Nfd4 Qb6 17. Nf5 0-0 18. Nxe7+ Kh8 19. Qh4 Ng8 20. Re3 Bc8 21. g4 Bxg4 22. Qxg4 Nxe7 23. Bxe7 Rg8 24. Rg3 Bxb2 25. Nd4 Rxg4 26. Bf6+ Kg8 27. Rxg4+ Kf8 28. Bg7+ Ke8 29. Re1+ Kd7 30. Nc6 Re8 31. Rxe8 Kxe8 32. Bxb2 f6 33. Re4+ Kf7 34. Re6 Kg6 35. Rxd6 Qb5 36. Bxf6 Kh5 37. Bg7 Qe2 38. Rh6+ Kg5 39. h4+ Kg4 40. Re6 Qd1+ 41. Kh2 Qxd5 42. Rf6 Kxh4 43. Rh6+ Kg5 44. Ne5 Qg8 45. Nf3+ Kf4 46. Rf6+ Ke4 47. Bf8 Qg4 48. Bd6 Kd5 49. Bg3 Qh5+ 50. Kg2 c4 51. Ra6 Ke4 52. Ne5 c3 53. Ra4 c2 54. Rxb4+ Kf5 55. Nd3 Qe2 56. Rb5+ Kf6 57. Bh4+ Kf7 58. Rf5+ Ke8 59. Rf3 Qxd3 60. Rxd3 c1Q 61. a3 Kf7 62. Rg3 Qc6+ 63. Kh3 h5 64. Rg5 Qf3+ 65. Bg3 Qh1+ 66. Bh2 Qf3+ 67. Bg3 Qh1+ 1/2-1/2